| 000 | 02083nam a22003258a 4500 | ||
|---|---|---|---|
| 001 | CR9780511920745 | ||
| 003 | UkCbUP | ||
| 005 | 20180107143415.0 | ||
| 006 | m|||||o||d|||||||| | ||
| 007 | cr|||||||||||| | ||
| 008 | 100922s2012||||enk s ||1 0|eng|d | ||
| 020 | _a9780511920745 (ebook) | ||
| 020 | _z9781107009233 (hardback) | ||
| 020 | _z9781107401945 (paperback) | ||
| 040 |
_aUkCbUP _cUkCbUP _erda |
||
| 050 | 0 | 0 |
_aDA910 _b.R36 2012 |
| 082 | 0 | 0 |
_a941.5 _223 |
| 100 | 1 |
_aRanelagh, John O'Beirne, _eauthor. |
|
| 245 | 1 | 2 |
_aA Short History of Ireland / [electronic resource] _cJohn O'Beirne Ranelagh. |
| 250 | _a3rd ed. | ||
| 264 | 1 |
_aCambridge : _bCambridge University Press, _c2012. |
|
| 300 |
_a1 online resource (445 pages) : _bdigital, PDF file(s). |
||
| 336 |
_atext _btxt _2rdacontent |
||
| 337 |
_acomputer _bc _2rdamedia |
||
| 338 |
_aonline resource _bcr _2rdacarrier |
||
| 500 | _aTitle from publisher's bibliographic system (viewed on 09 Oct 2015). | ||
| 520 | _aThis third edition of John O'Beirne Ranelagh's classic history of Ireland incorporates contemporary political and economic events as well as the latest archaeological and DNA discoveries. Comprehensively revised and updated throughout, it considers Irish history from the earliest times through the Celts, Cromwell, plantations, famine, Independence, the Omagh bomb, peace initiatives, and financial collapse. It profiles the key players in Irish history from Diarmuid MacMurrough to Gerry Adams and casts new light on the events, North and South, that have shaped Ireland today. Ireland's place in the modern world and its relationship with Britain, the USA and Europe is also examined with a fresh and original eye. Worldwide interest in Ireland continues to increase, but whereas it once focused on violence in Northern Ireland, the tumultuous financial events in the South have opened fresh debates and drawn fresh interest. This is a new history for a new era. | ||
| 776 | 0 | 8 |
_iPrint version: _z9781107009233 |
| 856 | 4 | 0 |
_uhttp://dx.doi.org/10.1017/CBO9780511920745 _zCambridge Books Online |
| 999 |
_c236692 _d236692 |
||